Virágvasárnap. Zöldágjárás. Komatálküldés

Bibliographic Details
Format: Article
Language:Hungarian
PhysicalDescription:Noty
Subjects:

MARC

LEADER 00000nab a2200000 a 4500
001 vtls000585927
003 SK-MaSNL
005 20260303124426.0
008 160202c1996 xo 0 hun
015 |a SNBRB19rr/mm-uuuuu 
035 |a CL0586066 
040 |a SNKBUCL  |b slo  |c SNKBUCL  |e AACR2 
041 0 |a hun 
044 |a xo  |c SK 
080 |a 894.511-1=945.11  |2 1981 
080 |a 398.8  |2 1981 
245 0 0 |a Virágvasárnap. Zöldágjárás. Komatálküldés 
300 |b Noty 
500 |a Inf. o ľudových zvykoch súvisiacich s piesňami 
650 0 7 |a ľudové piesne  |2 snkbucl  |9 1941 
655 7 |a články z novín a časopisov  |2 snkbucl  |9 267496 
655 7 |a články z odboru literárna veda a krásna literatúra  |2 snkbucl  |9 770045 
773 0 |t Cserkész  |g Roč. 7, č. 4 (1996), s. 17 
850 |a Slovenská národná knižnica v Martine  |a DSG001 
852 |a SNK  |b KIS3GCP 
958 |a RK 
958 |a HU 
958 |a LX 
992 |a RBX 
999 |c 1930313  |d 1932243